LEADER 02872nam 22006374a 450 001 9910456705103321 005 20200520144314.0 010 $a1-282-41776-2 010 $a9786612417764 010 $a0-313-05929-2 035 $a(CKB)2550000000003294 035 $a(EBL)491371 035 $a(OCoLC)562357872 035 $a(SSID)ssj0000334818 035 $a(PQKBManifestationID)11266957 035 $a(PQKBTitleCode)TC0000334818 035 $a(PQKBWorkID)10270632 035 $a(PQKB)10293590 035 $a(MiAaPQ)EBC491371 035 $a(Au-PeEL)EBL491371 035 $a(CaPaEBR)ebr10354284 035 $a(CaONFJC)MIL241776 035 $a(EXLCZ)992550000000003294 100 $a20031211d2004 uy 0 101 0 $aeng 135 $aur|n|---||||| 181 $ctxt 182 $cc 183 $acr 200 10$aArbitrage, hedging, and speculation$b[electronic resource] $ethe foreign exchange market /$fEphraim Clark and Dilip K. Ghosh 210 $aWestport, Conn. $cPraeger$d2004 215 $a1 online resource (232 p.) 300 $aDescription based upon print version of record. 311 $a1-56720-582-8 320 $aIncludes bibliographical references and index. 327 $aArbitrage, hedging, and speculation : the foreign exchange market -- Currency futures, swaps, and hedging -- Currency options -- Hedging and trading strategies : simple options and exotics -- Arbitrage and hedging with spot forward contracts -- Arbitrage and hedging with options -- Arbitrage and hedging with forward forward contracts in interest rates -- Speculations in the foreign exchange market. 330 $aExplains arbitrage, hedging, and speculation from the standpoint of a participant in the foreign exchange market-whether an individual trader or an institutional trader-who possesses analytical skill, economically sound judgment, and who has access to market data. In the foreign exchange market, arbitrage involves the simultaneous purchase and sale of a currency in different markets; the profit comes from the difference in the buying and selling prices. Hedging and speculation are opposing strategies for dealing with risk; hedging is a cover, and speculation is an assumption of risk. Authors a 606 $aArbitrage 606 $aHedging (Finance) 606 $aSpeculation 606 $aForeign exchange market 608 $aElectronic books. 615 0$aArbitrage. 615 0$aHedging (Finance) 615 0$aSpeculation. 615 0$aForeign exchange market. 676 $a332.4/5 700 $aClark$b Ephraim$cprofessor.$0485682 701 $aGhosh$b Dilip K$g(Dilip Kumar),$f1942-$0116444 801 0$bMiAaPQ 801 1$bMiAaPQ 801 2$bMiAaPQ 906 $aBOOK 912 $a9910456705103321 996 $aArbitrage, hedging, and speculation$91977250 997 $aUNINA LEADER 01043nas 22003733 450 001 9910160153503321 005 20220413003635.0 011 $a2326-2397 035 $a(OCoLC)61312912 035 $a(CKB)954925600681 035 $a(CONSER) 2013200088 035 $a(MiAaPQ)45321 035 $a(DE-599)ZDB2070093-3 035 $a(EXLCZ)99954925600681 100 $a20050822a19939999 uy a 101 0 $aeng 181 $ctxt$2rdacontent 182 $cc$2rdamedia 183 $acr$2rdacarrier 200 00$aCompost science & utilization 210 $aEmmaus, PA $cJG Press 300 $a"A BioCycle publication." 300 $aRefereed/Peer-reviewed 311 $a1065-657X 606 $aCompost$vPeriodicals 606 $aRefuse and refuse disposal$xBiodegradation$vPeriodicals 615 0$aCompost 615 0$aRefuse and refuse disposal$xBiodegradation 676 $a631.875 676 $a631.8/6 906 $aJOURNAL 912 $a9910160153503321 996 $aCompost science & utilization$92320159 997 $aUNINA LEADER 02474nas 2200769-a 450 001 9910138372603321 005 20260218110424.0 035 $a(CKB)110978976781465 035 $a(CONSER)---75644514- 035 $a(DE-599)ZDB2706091-3 035 $a(DE-599)2706091-3 035 $a(EXLCZ)99110978976781465 100 $a20760113a19749999 --- a 101 0 $aeng 181 $ctxt$2rdacontent 182 $cc$2rdamedia 183 $acr$2rdacarrier 200 00$aFinancial and economic review 210 $a[Blantyre, Malawi] $cReserve Bank of Malawi 215 $a1 online resource 311 08$aPrint version: Financial and economic review. 0376-5725 (DLC) 75644514 (OCoLC)2241888 606 $aFinance$zMalawi$vPeriodicals 606 $aBanks and banking, Central$zMalawi$vStatistics$vPeriodicals 606 $aFinances$zMalawi$vPériodiques 606 $aFinances publiques$zMalawi$vPériodiques 606 $aBanks and banking, Central$2fast$3(OCoLC)fst00827036 606 $aEconomic history$2fast$3(OCoLC)fst00901974 606 $aFinance$2fast$3(OCoLC)fst00924349 606 $aWirtschaftsstatistik$2stw 606 $aMonetäre Statistik$2stw 606 $aFinanzstatistik$2stw 606 $aZahlungsbilanzstatistik$2stw 606 $aMalawi$2stw 606 $aECONOMIC CONDITIONS$2unbist 606 $aFINANCIAL STATISTICS$2unbist 606 $aCENTRAL BANKS$2unbist 606 $aBANKING$2unbist 606 $aMALAWI$2unbist 607 $aMalawi$xEconomic conditions$vPeriodicals 607 $aMalawi$xConditions économiques$vPériodiques 607 $aMalawi$2fast 608 $aPeriodicals.$2fast 608 $aStatistics.$2fast 615 0$aFinance 615 0$aBanks and banking, Central 615 6$aFinances 615 6$aFinances publiques 615 7$aBanks and banking, Central. 615 7$aEconomic history. 615 7$aFinance. 615 7$aWirtschaftsstatistik. 615 7$aMonetäre Statistik. 615 7$aFinanzstatistik. 615 7$aZahlungsbilanzstatistik. 615 7$aMalawi. 615 7$aECONOMIC CONDITIONS. 615 7$aFINANCIAL STATISTICS. 615 7$aCENTRAL BANKS. 615 7$aBANKING. 615 7$aMALAWI. 676 $a330.9/689/7 712 02$aReserve Bank of Malawi. 906 $aJOURNAL 912 $a9910138372603321 920 $aexl_impl conversion 996 $aFinancial and economic review$92141274 997 $aUNINA